000 00747nam a2200265Ia 4500
003 GCL
008 140319s9999 xx 000 0 ara d
040 _aGCL /
_cGCL
082 0 4 _a840.9
_bع ا
100 1 _aعبدالمنعم الحفنى
245 1 0 _aالبير كامى /
_cعبدالمنعم الحفنى
300 _a351 ص
490 _a
650 0 4 _aالفلسفة
650 0 4 _aالادب
650 0 4 _aالمسرح
650 0 4 _aالتراجم الادبية
650 0 4 _aالسياسة
650 0 4 _aالادباء
650 0 4 _aالتراجم الذاتية
650 0 4 _aالرجال - تراجم
650 0 4 _aالبيركامى
650 0 4 _aالادب الفرنسى - تاريخ ونقد
942 _2ddc
_cBK
999 _c39858
_d39858